[Event "4th 4NCL Easter Congress"]
[Site "Holiday Inn Peterborough - West"]
[Date "2024.04.01"]
[Round "7"]
[Board "8"]
[White "Macphail, Kieran"]
[Black "Honarvarmahalati, Hooman"]
[Result "1-0"]
[WhiteElo "1795"]
[BlackElo "1764"]
[PlyCount "0"]
[EventDate "2024.03.29"]
[EventRounds "7"]
[EventCountry "ENG"]

1. e4 c6 2. d4 d5 3. e5 Bf5 4. Nf3 e6 5. Be2 Bb4+ 6. c3 Ba5 7. Qb3 Bb6 8. a4 a5 9.
Bg5 Qc7 10. Nbd2 h6 11. Be3 Ne7 12. O-O Nd7 13. c4 O-O 14. cxd5 exd5 15. Bd3 Bxd3
16. Qxd3 Ng6 17. h4 Rae8 18. h5 Ne7 19. Rac1 Kh8 20. Nh2 Ng8 21. f4 f5 22. Nhf3 Nb8
23. Nh4 Ne7 24. Ndf3 Na6 25. Bd2 c5 26. b3 Qd7 27. e6 Qxe6 28. Ne5 Kg8 29. Rfe1 Qf6
30. g3 Rd8 31. Qb5 Nc7 32. Qd3 Ne6 33. Be3 cxd4 34. Bd2 Nc5 35. Rxc5 Bxc5 36. Bxa5
b6 37. Bd2 Qd6 38. Kh2 Rf6 39. Qb5 Nc6 40. Nhg6 Na7 41. Qd3 Nc6 42. Nxc6 Qxc6 43.
b4 Bf8 44. Qxd4 Qc4 45. Qb2 Qd3 46. Ne5 Qa6 47. a5 bxa5 48. bxa5 Qd6 49. Ng6 Qa3
50. Qc2 Qf3 51. Ne5 Qxh5+ 52. Kg2 Bd6 53. Bc3 Re6 54. Qb3 Bxe5 55. Bxe5 Qe8 56. Qb7
Rd7 57. Qb5 Qf7 58. a6 d4 59. Rd1 d3 60. Rxd3 Rxd3 61. Qxd3 Qg6 62. a7 Re8 63. Qd5+
Qf7 64. a8=Q Rxa8 65. Qxa8+ Kh7 66. Qa1 Qg6 67. Qc3 Qg4 68. Qf3 Qg6 69. Qd3 Qg4 70.
Qc2 Qg6 71. Qd1 Qc6+ 72. Kh3 Qg6 73. Qf3 Qe6 74. Qb7 Qg6 75. Qf3 Qe6 76. g4 fxg4+
77. Qxg4 Qb3+ 78. Kh4 Qf7 79. Kh3 Qb3+ 80. Qg3 Qe6+ 81. Kh2 Qa2+ 82. Qg2 Qf7 83.
Qc2+ Kg8 84. Kg3 Qe7 85. Qc7 Qf8 86. Qb8 Qxb8 87. Bxb8 g6 88. Kg4 Kf7 89. Ba7 Ke6
90. Bd4 Kf7 91. Bf2 Ke6 92. Bg1 Kf7 93. Kf3 Kf6 94. Ke4 Ke6 95. Bd4 Kf7 96. Kd5 Ke7
97. Bg7 g5 98. f5 h5 99. Ke4 Kf7 100. Bh6 Kf6 101. Bf8 Kf7 102. Bd6 Kf6 103. Be5+
Kf7 104. Bd4 Ke7 105. Be3 Kf6 106. Bxg5+ Kxg5 107. Ke5 h4 108. f6 Kg4 109. f7 h3
110. f8=Q h2 111. Qf1 Kg3 112. Qh1 Kh3 113. Kf4  1-0

[Event "4th 4NCL Easter Congress"]
[Site "Holiday Inn Peterborough - West"]
[Date "2024.04.01"]
[Round "7"]
[Board "10"]
[White "Matthews, Adrian MS"]
[Black "Graham, Oliver"]
[Result "1/2-1/2"]
[WhiteElo "1860"]
[BlackElo "1884"]
[PlyCount "0"]
[EventDate "2024.03.29"]
[EventRounds "7"]
[EventCountry "ENG"]

1. e4 e5 2. Nf3 Nf6 3. Nxe5 d6 4. Nf3 Nxe4 5. Nc3 Nxc3 6. dxc3 Be7 7. Bd3 O-O 8.
h4 Bg4 9. Bg5 Nc6 10. Qd2 f6 11. Bf4 Ne5 12. Nxe5 dxe5 13. Be3 b6 14. f3 Be6 15.
g4 c5 16. c4 Qd7 17. Rd1 Qa4 18. b3 Qxa2 19. O-O Qa6 20. Be4 Rad8 21. Bd5 Qc8 22.
Ra1 a5 23. Rfd1 Rd6 24. Qd3 Rfd8 25. Qe4 Qd7 26. Bxe6+ Qxe6 27. Rxd6 Qxd6 28. Re1
Bf8 29. Kg2 Kh8 30. h5 Qe6 31. Rh1 Be7 32. Re1 Qc8 33. Kg3 Rd7 34. Rh1 Qd8 35. Rf1
Rd1 36. Rxd1 Qxd1 37. Qa8+ Qd8 38. Qc6 Kg8 39. Qe6+ Kh8 40. Qc6 Bf8 41. Qe6 g6 42.
hxg6 hxg6 43. Qf7 g5 44. Qb7 Qd6 45. Qe4 Qd7 46. Kf2 Qh7 47. Ke2 Qh2+ 48. Kd3 Qh1
49. Ke2 Qh7 50. Kd3 Qd7+ 51. Ke2 Kg7 52. Qd5 Qc8 53. Kd3 Qc7 54. Qe4 Qd6+ 55. Ke2
Kf7 56. Qb7+ Be7 57. Qe4 Ke8 58. Qa8+ Bd8 59. Qb7 Bc7 60. Qe4 Kd8 61. Qa8+ Bb8 62.
Qd5 Kc7 63. Kd3 Qe7 64. Qe4 Kc8 65. Qc6+ Bc7 66. Qa8+ Kd7 67. Qd5+ Kc8 68. Qa8+ Kd7
69. Qd5+  1/2-1/2

[Event "4th 4NCL Easter Congress"]
[Site "Holiday Inn Peterborough - West"]
[Date "2024.04.01"]
[Round "7"]
[Board "11"]
[White "Dean, Robert A"]
[Black "Bowers, Francis J"]
[Result "0-1"]
[WhiteElo "1838"]
[BlackElo "1828"]
[PlyCount "0"]
[EventDate "2024.03.29"]
[EventRounds "7"]
[EventCountry "ENG"]

1. e4 e5 2. Nf3 d6 3. Bc4 Nc6 4. Nc3 g6 5. d3 Na5 6. Bb3 Nxb3 7. axb3 f5 8. Bg5 Be7
9. Bxe7 Nxe7 10. exf5 Bxf5 11. O-O O-O 12. h3 Qd7 13. Ng5 h6 14. Nge4 Bxh3 15. gxh3
Qxh3 16. Ng3 Nf5 17. Nce4 Nh4  0-1

[Event "4th 4NCL Easter Congress"]
[Site "Holiday Inn Peterborough - West"]
[Date "2024.04.01"]
[Round "7"]
[Board "12"]
[White "Watkinson, Phil K"]
[Black "Shivakumar, Akshath"]
[Result "1/2-1/2"]
[WhiteElo "1744"]
[BlackElo "1722"]
[PlyCount "0"]
[EventDate "2024.03.29"]
[EventRounds "7"]
[EventCountry "ENG"]

1. d4 f5 2. Bg5 h6 3. Bh4 g5 4. Bg3 Bg7 5. e4 f4 6. Bxf4 gxf4 7. Qh5+ Kf8 8. Qf5+
Ke8 9. Be2 Nf6 10. e5 e6 11. Qg6+ Kf8 12. exf6 Qxf6 13. Qxf6+ Bxf6 14. Nf3 Nc6 15.
c3 b6 16. Nbd2 Bb7 17. O-O-O Kf7 18. Rhg1 Rhg8 19. g3 fxg3 20. fxg3 Ke7 21. Rde1
d5 22. Bd3 Kd7 23. Rgf1 Raf8 24. Ng1 Bg5 25. Kc2 Kd6 26. Ndf3 Bf6 27. Nh3 e5 28.
dxe5+ Nxe5 29. Nd4 Bc8 30. Nf4 Nxd3 31. Nxd3 Bxd4 32. cxd4 Bf5 33. Kd2 Bxd3 34. Kxd3
c5 35. b3  1/2-1/2

[Event "4th 4NCL Easter Congress"]
[Site "Holiday Inn Peterborough - West"]
[Date "2024.04.01"]
[Round "7"]
[Board "13"]
[White "Towers, Brian"]
[Black "Spencer, Paul"]
[Result "1/2-1/2"]
[WhiteElo "1824"]
[BlackElo "1735"]
[PlyCount "0"]
[EventDate "2024.03.29"]
[EventRounds "7"]
[EventCountry "ENG"]

1. d4 d5 2. Nc3 Nf6 3. Bf4 e6 4. e3 Bb4 5. Bd3 Nbd7 6. a3 Bxc3+ 7. bxc3 c5 8. Bb5
Qa5 9. Bxd7+ Bxd7 10. Ne2 Ne4 11. O-O Nxc3 12. Nxc3 Qxc3 13. Qd3 Qxd3 14. cxd3 cxd4
15. exd4 Ke7 16. Rab1 b6 17. Rfc1 Rhc8 18. Kf1 Rxc1+ 19. Rxc1 Rc8 20. Rxc8 Bxc8 21.
Bb8 Kd7 22. Ke2 Kc6 23. Kd2 a6 24. Kc3 b5 25. Kb4 Kb6 26. Bd6 a5+ 27. Kc3 Kc6 28.
Bf8 g6  1/2-1/2

[Event "4th 4NCL Easter Congress"]
[Site "Holiday Inn Peterborough - West"]
[Date "2024.04.01"]
[Round "7"]
[Board "14"]
[White "Kaszuba, Adrian"]
[Black "White, Nicholas E"]
[Result "1/2-1/2"]
[WhiteElo "1870"]
[BlackElo "1729"]
[PlyCount "0"]
[EventDate "2024.03.29"]
[EventRounds "7"]
[EventCountry "ENG"]

1. c3 Nf6 2. g3 g6 3. Bg2 Bg7 4. d3 O-O 5. e4 e5 6. Ne2 d6 7. O-O Nc6 8. Bg5 h6 9.
Bc1 Be6 10. d4 Bg4 11. f3 Bd7 12. Be3 Ne7 13. d5 Qc8 14. g4 g5 15. Ng3 Ng6 16. Nf5
Bxf5 17. exf5 Nf4 18. Bxf4 gxf4 19. c4 Nh7 20. Nc3 Bf6 21. Ne4 Bh4 22. Qd3 Nf6 23.
Nxf6+ Bxf6 24. Rf2 Bh4 25. Rc2 b6 26. Bf1 a5 27. b3 Qd8 28. a3 Qf6 29. Qe4 Kg7 30.
Rca2 Ra7 31. b4 Rfa8 32. Qc2 axb4 33. axb4 Rxa2 34. Rxa2 Rxa2 35. Qxa2 e4 36. fxe4
Qd4+ 37. Kh1 Qxe4+ 38. Qg2 f3 39. Qg1 f2+ 40. Qg2 Qxg2+ 41. Kxg2 Kf6 42. Kf3 Kg5
43. h3 Kf6 44. Kf4 Bg5+ 45. Kg3 Bh4+ 46. Kf4 Bg5+ 47. Kg3 Be3 48. Kf3 Bd4 49. h4
Ke5  1/2-1/2

[Event "4th 4NCL Easter Congress"]
[Site "Holiday Inn Peterborough - West"]
[Date "2024.04.01"]
[Round "7"]
[Board "15"]
[White "Sengupta, Sohana"]
[Black "Veselov, Ivan"]
[Result "1/2-1/2"]
[WhiteElo "1594"]
[BlackElo "1806"]
[PlyCount "0"]
[EventDate "2024.03.29"]
[EventRounds "7"]
[EventCountry "ENG"]

1. e4 d5 2. exd5 Qxd5 3. Nc3 Qa5 4. d4 Nf6 5. Nf3 c6 6. Bd2 Bf5 7. Bc4 e6 8. O-O
Qc7 9. Re1 Bd6 10. h3 O-O 11. Bb3 Nbd7 12. Qe2 Rad8 13. Rad1 h6 14. Be3 Nd5 15. Nxd5
cxd5 16. c3 Nf6 17. Nd2 a6 18. Rc1 Qb8 19. Bc2 Bxc2 20. Rxc2 b5 21. b3 Rc8 22. c4
bxc4 23. bxc4 dxc4 24. Nxc4 Be7 25. Ne5 Qb7 26. Rb2 Qd5 27. Qxa6 Ra8 28. Qc6 Qa5
29. Reb1 Rfc8 30. Qb7 Rc7 31. Qxa8+ Qxa8 32. Rb8+ Qxb8 33. Rxb8+  1/2-1/2

[Event "4th 4NCL Easter Congress"]
[Site "Holiday Inn Peterborough - West"]
[Date "2024.04.01"]
[Round "7"]
[Board "16"]
[White "Jordan, Mark A"]
[Black "Meredith, Daniel"]
[Result "1/2-1/2"]
[WhiteElo "1774"]
[BlackElo "1670"]
[PlyCount "0"]
[EventDate "2024.03.29"]
[EventRounds "7"]
[EventCountry "ENG"]

1. d4 Nf6 2. c4 c5 3. d5 b5 4. cxb5 a6 5. b6 e6 6. Nc3 Nxd5 7. Nxd5 exd5 8. Qxd5
Nc6 9. Nf3 Be7 10. Ne5 O-O 11. Nxc6 dxc6 12. Qb3 Be6 13. Qc2 Qxb6 14. Bd2 Bf6 15.
Bc3 Bxc3+ 16. Qxc3 Rab8 17. b3 c4 18. e3 cxb3 19. axb3 Qxb3 20. Qxb3 Rxb3 21. Be2
Ra8 22. O-O a5 23. Bf3 Bd5 24. Bxd5 cxd5 25. Ra4 Rb4 26. Rfa1 Rxa4 27. Rxa4 Kf8 28.
Kf1 Ke7 29. Ke2 Kd6 30. Kd3 Kc5 31. Kc3 Kb5 32. Kb3 Rc8 33. Rd4 Rc5 34. Ka3  1/2-1/2

[Event "4th 4NCL Easter Congress"]
[Site "Holiday Inn Peterborough - West"]
[Date "2024.04.01"]
[Round "7"]
[Board "17"]
[White "Morrish, John"]
[Black "Denning, Julie L"]
[Result "1/2-1/2"]
[WhiteElo "1840"]
[BlackElo "1757"]
[PlyCount "0"]
[EventDate "2024.03.29"]
[EventRounds "7"]
[EventCountry "ENG"]

1. e4 e5 2. Nf3 Nf6 3. d3 Nc6 4. Nc3 Bb4 5. a3 Bxc3+ 6. bxc3 O-O 7. Bg5 h6 8. Bh4
d6 9. Rb1 b6 10. h3 Re8 11. c4 Nb8 12. Nh2 Nbd7 13. Qd2 Nf8 14. Ng4 Bxg4 15. hxg4
Ng6 16. g3 Nxh4 17. Rxh4 Nh7 18. Bg2 Qg5 19. Qe2 Rab8  1/2-1/2

[Event "4th 4NCL Easter Congress"]
[Site "Holiday Inn Peterborough - West"]
[Date "2024.04.01"]
[Round "7"]
[Board "18"]
[White "Kocan, Barry A"]
[Black "Lawrence, Simon"]
[Result "0-1"]
[WhiteElo "1719"]
[BlackElo "1731"]
[PlyCount "0"]
[EventDate "2024.03.29"]
[EventRounds "7"]
[EventCountry "ENG"]

1. e4 e6 2. d4 d5 3. Nd2 Nf6 4. e5 Nfd7 5. Bd3 c5 6. c3 Nc6 7. Ne2 cxd4 8. cxd4 Qb6
9. Nf3 f5 10. exf6 Nxf6 11. O-O Bd6 12. a3 O-O 13. Re1 e5 14. dxe5 Nxe5 15. Nxe5
Bxe5 16. h3 Ng4 17. hxg4 Qxf2+ 18. Kh1 Qh4+  0-1

[Event "4th 4NCL Easter Congress"]
[Site "Holiday Inn Peterborough - West"]
[Date "2024.04.01"]
[Round "7"]
[Board "19"]
[White "Webster, Vivien"]
[Black "Lawrence, Spencer"]
[Result "1/2-1/2"]
[WhiteElo "1766"]
[BlackElo "1789"]
[PlyCount "0"]
[EventDate "2024.03.29"]
[EventRounds "7"]
[EventCountry "ENG"]

1. e4 e6 2. c3 d5 3. Nf3 dxe4 4. Qa4+ Nd7 5. Qxe4 Ngf6 6. Qc2 b6 7. d4 c5 8. Bb5
Bb7 9. Ne5 a6 10. Nxd7 Nxd7 11. Bxd7+ Qxd7 12. O-O Qd5 13. f3 cxd4 14. cxd4 Qxd4+
15. Kh1 Rc8 16. Nc3 Be7 17. Rd1 Qf6 18. Qa4+ b5 19. Qg4 O-O 20. Be3 Bc5 21. Bg5 Qg6
22. Qh4 Bf2 23. Qf4 Rc4 24. Qd2 Rd4 25. Qxf2 Rd3 26. Rd2 Rxd2 27. Rc1 Rd1+ 28. Rxd1
Qxg5 29. Ne2 Rd8 30. Rxd8+ Qxd8 31. Qd4 Qxd4 32. Nxd4 Bd5 33. a3 Kf8 34. Kg1 Ke7
35. Kf2 Kd6 36. b4 Bc4 37. Ke3 Kd5 38. g3 g5 39. f4 gxf4+ 40. gxf4 e5 41. fxe5 Kxe5
42. Nf3+ Kf5 43. Nd2 Be6 44. Ne4 Kg6 45. Kf4 h6 46. h4 Kh5 47. Kg3 f5 48. Nc5 Bc8
49. Nd3 Kg6 50. Kf4 Kf6 51. Nc5 Kf7 52. a4 bxa4 53. Nxa4 Kg6 54. Nc3 Kh5 55. Kg3
f4+ 56. Kxf4 Kxh4 57. Nd1 Kh5 58. Ne3 Kg6 59. Nd5 Bd7 60. Ne3 Kf6 61. Nd5+ Kf7 62.
Nc7 Bb5 63. Nd5 Ke6 64. Nc3 Kd6 65. Kf5 Bd3+ 66. Kf4 Kc6 67. Ke3 Bc4 68. Kd4 Bf1
69. Ke3 h5 70. Kf2 Bc4 71. Kg3 Be6 72. Kh4 Bg4 73. Kg3 Kd6 74. Kf4 Bd7 75. Ne4+ Kc6
76. Nc3 h4 77. Kf3 Kd6 78. Ne4+ Ke5 79. Nc5 Bc8 80. Nxa6 Kd4 81. Nc5 Kc4 82. Kf2
Kxb4 83. Nd3+ Kc3 84. Ne5 Bb7 85. Nf3 Bxf3 86. Kxf3  1/2-1/2

[Event "4th 4NCL Easter Congress"]
[Site "Holiday Inn Peterborough - West"]
[Date "2024.04.01"]
[Round "7"]
[Board "20"]
[White "Krief, Tom"]
[Black "Hu, Junyan"]
[Result "1-0"]
[WhiteElo "1713"]
[BlackElo "1704"]
[PlyCount "0"]
[EventDate "2024.03.29"]
[EventRounds "7"]
[EventCountry "ENG"]

1. e4 c5 2. Nc3 Nc6 3. Nf3 g6 4. d3 Bg7 5. Be3 Nd4 6. Be2 d6 7. Qd2 e6 8. O-O-O Ne7
9. Bh6 O-O 10. h4 Qb6 11. Bxg7 Kxg7 12. h5 Nxf3 13. Bxf3 Rh8 14. h6+ Kf8 15. Na4
Qd8 16. Qc3 Rg8 17. d4 b5 18. dxc5 d5 19. exd5 Nxd5 20. Bxd5 exd5 21. c6 bxa4 22.
Qc5+ Qe7 23. Qxd5 Be6 24. Qf3 Rb8 25. Rhe1 Rc8 26. Kb1 f5 27. Re3 Qf7 28. a3 f4 29.
Red3 Qf6 30. Rd6 Rb8 31. c3 Bf5+ 32. Ka1 Qe7 33. Qxf4 Qe2 34. Rf6+ Ke7 35. Qd6+ Ke8
36. Qxb8+ Ke7 37. Qd6+ Ke8 38. Qd8#  1-0